000
00270nam a22001337a 4500
008
180919b xxu||||| |||| 00| 0 eng d
020
_a
2677250
041
_a
eng
080
_a
573
100
_a
11
101
_a
BIO
245
_a
Behavior
_c
Kloot, V
942
_2
udc
_c
BK
999
_c
48015
_d
48015